[Event "I Sunway Sitges International Chess Festival - Group A"]
[Site "Sitges (Barcelona)"]
[Date "2014.12.14"]
[Round "1.9"]
[White "Oral, Tomas"]
[Black "Chalmeta Ugas, Ramon"]
[Result "1-0"]
[WhiteElo "2498"]
[BlackElo "2222"]
[PlyCount "0"]
[EventDate "2014.12.14"]

1. e4 c5 2. Nf3 e6 3. d4 cxd4 4. Nxd4 a6 5. Bd3 Bc5 6. Nb3 Ba7 7. c4 Nc6 8. Nc3
Nf6 9. Qe2 Qe7 10. f4 d6 11. Be3 Bxe3 12. Qxe3 Bd7 13. O-O Nb4 14. Rad1 Nxd3
15. Qxd3 Bc6 16. Qxd6 Qxd6 17. Rxd6 Bxe4 18. Na5 b5 19. Re1 Bf5 20. c5 b4 21.
Na4 O-O 22. Nb6 Ra7 23. Rc1 Rc7 24. Rd4 Ne4 25. c6 h5 26. Rd7 Rxd7 27. cxd7 Nf6
28. Nc6 1-0

[Event "I Sunway Sitges International Chess Festival - Group A"]
[Site "Sitges (Barcelona)"]
[Date "2014.12.14"]
[Round "1.10"]
[White "Lauritsen, Niels"]
[Black "Ducarmon, Quinten"]
[Result "0-1"]
[WhiteElo "2216"]
[BlackElo "2488"]
[PlyCount "0"]
[EventDate "2014.12.14"]

1. d4 d5 2. Nc3 c6 3. e4 dxe4 4. Nxe4 Bf5 5. Ng3 Bg6 6. N1e2 e6 7. Nf4 Bd6 8.
c3 Nf6 9. Bc4 Nbd7 10. Qe2 Nb6 11. Bb3 Nbd5 12. Nxd5 cxd5 13. Ba4+ Nd7 14. Qb5
Qc7 15. Ne2 Rd8 16. Ng3 a6 17. Qe2 b5 18. Bb3 O-O 19. O-O Rb8 20. Bd2 a5 21. a3
Nb6 22. Rae1 Nc4 23. Bc1 b4 24. axb4 axb4 25. Bxc4 dxc4 26. Ne4 Bxh2+ 27. Kh1
Bxe4 28. Qxe4 Bd6 29. d5 Rb5 30. Rd1 bxc3 31. bxc3 e5 32. g4 Qc8 33. f3 Rb3 34.
Bd2 Rb2 35. Bc1 Ra2 36. Qb1 Re2 37. Rde1 Rxe1 38. Rxe1 f5 39. Kg1 fxg4 40. fxg4
Qd8 41. Qc2 Bc5+ 0-1

[Event "I Sunway Sitges International Chess Festival - Group A"]
[Site "Sitges (Barcelona)"]
[Date "2014.12.14"]
[Round "1.11"]
[White "Romanishin, Oleg M"]
[Black "Kugler, Florian"]
[Result "1-0"]
[WhiteElo "2487"]
[BlackElo "2208"]
[PlyCount "0"]
[EventDate "2014.12.14"]

1. Nf3 Nf6 2. c4 g6 3. Nc3 d5 4. cxd5 Nxd5 5. Qb3 Nb6 6. d4 Bg7 7. e4 Be6 8. d5
Bg4 9. Be2 O-O 10. h3 Bxf3 11. Bxf3 c6 12. O-O cxd5 13. exd5 N8d7 14. Rd1 Rc8
15. Be2 Nc5 16. Qb4 Bxc3 17. Qxc3 Nxd5 18. Qf3 e6 19. Bh6 Nd7 20. Bxf8 Qxf8 21.
Rac1 Rb8 22. Qg3 N7f6 23. Rc4 Re8 24. Rdc1 Qe7 25. Qe5 Qd8 26. Bf3 Qa5 27. Rc8
Qb5 28. Bxd5 Nxd5 29. R1c5 Qd7 30. Rxe8+ 1-0

[Event "I Sunway Sitges International Chess Festival - Group A"]
[Site "Sitges (Barcelona)"]
[Date "2014.12.14"]
[Round "1.12"]
[White "Leite, Catarina"]
[Black "Bailet, Pierre"]
[Result "0-1"]
[WhiteElo "2136"]
[BlackElo "2484"]
[PlyCount "0"]
[EventDate "2014.12.14"]

1. e4 e5 2. Nf3 Nc6 3. Bc4 Bc5 4. d3 Nf6 5. Nc3 d6 6. Bg5 h6 7. Be3 O-O 8. Nd5
Nxd5 9. Bxd5 Bxe3 10. fxe3 Be6 11. Bxe6 fxe6 12. O-O a5 13. c3 a4 14. Qc2 d5
15. d4 exd4 16. exd4 Rf4 17. Rae1 Qf6 18. exd5 exd5 19. Ne5 Nxe5 20. Rxf4 Qxf4
21. dxe5 a3 22. e6 Re8 23. e7 Qd6 24. Qb3 axb2 25. Qxb2 Rxe7 26. Rf1 c6 27. Qb6
Qe6 28. Qd8+ Re8 29. Qc7 Qe3+ 30. Kh1 Qf2 0-1

[Event "I Sunway Sitges International Chess Festival - Group A"]
[Site "Sitges (Barcelona)"]
[Date "2014.12.14"]
[Round "1.13"]
[White "Perez Mitjans, Orelvis"]
[Black "Fernandez Fuentes, Fco. Javier"]
[Result "1-0"]
[WhiteElo "2463"]
[BlackElo "2131"]
[PlyCount "0"]
[EventDate "2014.12.14"]

1. e4 c5 2. Nf3 Nf6 3. e5 Nd5 4. Nc3 e6 5. Nxd5 exd5 6. d4 Nc6 7. Bd3 d6 8. O-O
dxe5 9. Nxe5 c4 10. Re1 Be7 11. Bg5 Be6 12. Bxe7 Nxe7 13. Bf1 O-O 14. b3 b5 15.
Qd2 Nf5 16. g3 Qb6 17. Nf3 Rae8 18. a4 a6 19. axb5 axb5 20. Qa5 Rb8 21. Qxb6
Rxb6 22. b4 Nd6 23. Ng5 Bf5 24. c3 h6 25. Nf3 Ne4 26. Re3 Bc8 27. Ne5 g5 28.
Bg2 f6 29. Ng6 Re8 30. f3 Kf7 31. fxe4 Kxg6 32. Kf2 Rbe6 33. Rae1 Bb7 34. exd5
Rxe3 35. Rxe3 Rd8 36. Re6 Bxd5 37. Bxd5 Rxd5 38. g4 Kf7 39. Rb6 f5 40. Kf3
fxg4+ 41. Kxg4 h5+ 42. Kxh5 Rf5 43. Kg4 Rf2 44. Rxb5 Rc2 45. Rc5 Rxc3 46. Kxg5
Rc1 47. Kf5 c3 48. Ke4 c2 49. Kd3 Rd1+ 50. Kxc2 Rxd4 51. Kc3 1-0

[Event "I Sunway Sitges International Chess Festival - Group A"]
[Site "Sitges (Barcelona)"]
[Date "2014.12.14"]
[Round "1.14"]
[White "Haug, Johannes"]
[Black "Martinez Alcantara, Jose Eduar"]
[Result "0-1"]
[WhiteElo "2121"]
[BlackElo "2448"]
[PlyCount "0"]
[EventDate "2014.12.14"]

1. e4 c5 2. Nf3 d6 3. Bb5+ Nd7 4. d4 cxd4 5. Qxd4 a6 6. Bxd7+ Bxd7 7. c4 e5 8.
Qd3 b5 9. Nc3 bxc4 10. Qxc4 Qc8 11. Qd3 h6 12. O-O Nf6 13. b3 Qb7 14. Re1 Be7
15. Ba3 Be6 16. Nd2 Rc8 17. Nf1 O-O 18. Ne3 Rc7 19. Red1 Rfc8 20. Ncd5 Nxd5 21.
Nxd5 Bxd5 22. Qxd5 Qxd5 23. Rxd5 Rc2 24. Kf1 R8c6 25. Rdd1 Bd8 26. Rxd6 Rxd6
27. Bxd6 Bb6 28. Kg1 Bxf2+ 29. Kh1 Bd4 30. Re1 Rxa2 31. b4 Rc2 32. g3 f6 33.
Bb8 Kf7 34. Rd1 Ke7 0-1

[Event "I Sunway Sitges International Chess Festival - Group B"]
[Site "Sitges (Barcelona)"]
[Date "2014.12.14"]
[Round "1.15"]
[White "Perez Ruiz, Santiago"]
[Black "Catalan Escale, Enric"]
[Result "1/2-1/2"]
[WhiteElo "1887"]
[BlackElo "1998"]
[PlyCount "0"]
[EventDate "2014.12.14"]

1. d4 { [%clk 1:30] } d5 { [%clk 1:11] } 2. Nf3 { [%clk 1:31] } Nf6 { [%clk
1:11] } 3. c4 { [%clk 1:31] } c6 { [%clk 1:11] } 4. Nc3 { [%clk 1:28] } dxc4 {
[%clk 1:10] } 5. a4 { [%clk 1:29] } Bf5 { [%clk 1:09] } 6. Ne5 { [%clk 1:27] }
Nbd7 { [%clk 1:08] } 7. Nxc4 { [%clk 1:25] } Qc7 { [%clk 1:08] } 8. g3 { [%clk
1:25] } e5 { [%clk 1:07] } 9. dxe5 { [%clk 1:24] } Nxe5 { [%clk 1:07] } 10.
Nxe5 { [%clk 1:18] } Qxe5 { [%clk 1:07] } 11. Bf4 { [%clk 1:18] } Qa5 { [%clk
1:01] } 12. Bg2 { [%clk 1:16] } Ne4 { [%clk 0:53] } 13. O-O { [%clk 0:57] }
Nxc3 { [%clk 0:48] } 14. bxc3 { [%clk 0:58] } Bc5 { [%clk 0:45] } 15. Qb3 {
[%clk 0:56] } Qb6 { [%clk 0:43] } 16. Qc4 { [%clk 0:55] } a5 { [%clk 0:39] }
17. Bc7 { [%clk 0:51] } Qa7 { [%clk 0:34] } 18. Qf4 { [%clk 0:51] } Be6 {
[%clk 0:34] } 19. Be4 { [%clk 0:32] } O-O { [%clk 0:33] } 20. Qh4 { [%clk
0:31] } f5 { [%clk 0:32] } 21. Bd3 { [%clk 0:29] } Rf7 { [%clk 0:29] } 22. Be5
{ [%clk 0:28] } Be7 { [%clk 0:28] } 23. Qf4 { [%clk 0:27] } Bf6 { [%clk 0:22]
} 24. Bxf6 { [%clk 0:25] } Rxf6 1/2-1/2